Loading...
| Ancient History and Archaeology | 3 | 16.67 | 0% | 133% | 200% |
| Beliefs | 8 | 11.25 | 100% | 125% | 50% |
| British and Commonwealth History | 2 | 15.00 | 400% | 100% | 0% |
| Current Events | 3 | 10.00 | 133% | 67% | 67% |
| Fine Arts - Auditory | 3 | 13.33 | 133% | 67% | 133% |
| Fine Arts - Visual | 3 | 13.33 | 0% | 67% | 200% |
| Geography | 1 | 20.00 | 0% | 200% | 200% |
| History - American | 4 | 10.00 | 100% | 100% | 50% |
| History - European | 7 | 12.86 | 229% | 86% | 57% |
| History - World | 4 | 15.00 | 400% | 100% | 0% |
| Literature - American | 3 | 16.67 | 133% | 133% | 133% |
| Literature - British | 3 | 16.67 | 133% | 133% | 133% |
| Literature - European | 5 | 14.00 | 240% | 80% | 80% |
| Other Academic | 1 | 10.00 | 0% | 0% | 200% |
| Other Arts: Auditory | 1 | 20.00 | 400% | 200% | 0% |
| Other Arts: Visual | 1 | 10.00 | 400% | 0% | 0% |
| Other Science: Computer Science | 1 | 0.00 | 0% | 0% | 0% |
| Other Science: Earth Science | 2 | 15.00 | 200% | 100% | 100% |
| Other Science: Math | 1 | 10.00 | 0% | 200% | 0% |
| Philosophy | 3 | 10.00 | 267% | 0% | 67% |
| Science - Biology | 6 | 15.00 | 200% | 100% | 100% |
| Science - Chemistry | 5 | 16.00 | 160% | 160% | 80% |
| Science - Physics | 3 | 13.33 | 133% | 133% | 67% |
| Social Science | 2 | 10.00 | 0% | 100% | 100% |
| World and Other Literature | 4 | 15.00 | 300% | 0% | 150% |